Celtíberos y Lusitanos frente a Roma: diplomacia y derecho de guerra
Αποθηκεύτηκε σε:
| Κύριος συγγραφέας: | |
|---|---|
| Μορφή: | Βιβλίο |
| Γλώσσα: | Ισπανικά |
| Έκδοση: |
s.l
Universidad del País Vasco
2002
|
| Σειρά: | Veleia. Minor,
18 |
| Θέματα: | |
| Ετικέτες: |
Προσθήκη ετικέτας
Δεν υπάρχουν, Καταχωρήστε ετικέτα πρώτοι!
|
MARC
| LEADER | 00000cam a2200000 a 4500 | ||
|---|---|---|---|
| 001 | UCD9636 | ||
| 003 | CL-VaPUC | ||
| 005 | 20210521001554.0 | ||
| 008 | 170630e20020000sp |||||||||||||||||spa|d | ||
| 999 | |c 368715 |d 368713 | ||
| 020 | |a 8483735156 | ||
| 040 | |c Pontificia Universidad Católica de Valparaíso | ||
| 082 | 0 | 4 | |a 946.01 GAR 2002 |2 21 |
| 100 | 0 | |a García Riaza, Enrique |e author |9 593299 | |
| 245 | 1 | 0 | |a Celtíberos y Lusitanos frente a Roma: |b diplomacia y derecho de guerra |
| 260 | |a s.l |b Universidad del País Vasco |c 2002 | ||
| 300 | |a 396 páginas | ||
| 490 | 0 | |a Veleia. Minor, |v 18 | |
| 583 | |a last modification |c 20170630 21:31:00 |k Rodrigo Vera | ||
| 650 | 0 | |a Historia antigua |9 267521 | |
| 650 | 0 | |a Historia de España |9 315435 | |
| 650 | 7 | |a CELTIBEROS |2 CL-VaPUC |9 420298 |z ESPAÑA | |
| 852 | |a BIBCUR | ||
| 942 | |c BK |2 ddc | ||
| 945 | |d 20170630 21:31:00 |a dcastane | ||
| 952 | |0 0 |1 0 |2 ddc |3 erb |4 0 |6 946_010000000000000_GAR_2002 |7 0 |9 484121 |a FDOLAF |b FDOLAF |e Laffi, Umberto, 1939- |i 5402905 |o 946.01 GAR 2002 |p 5402905 |r 2024-01-30 |t 1 |w 2019-11-24 |y BK |z Catalogado en:20170630 |k LAF | ||